| 000 | 00752nam a22001577a 4500 | ||
|---|---|---|---|
| 999 |
_c61051 _d61051 |
||
| 005 | 20231212145645.0 | ||
| 008 | 231212s1968 ru ||||| |||| 00| 0 rus d | ||
| 041 | _arus | ||
| 080 | _a94(37+38) A-72 | ||
| 245 |
_aАнтичная история и культура Средиземноморья и Причерноморья / _bСборник статей. |
||
| 264 |
_aЛ.: _bНаука, _c1968. |
||
| 300 |
_a352 с.: _bил.; _c23 cm. |
||
| 521 | _aК 100-летию со дня рождения акад. С.А. Жебелёва. | ||
| 653 | _aუძველესი ისტორია და კულტურა ხმელთაშუა და შავი ზღვის რეგიონები | ||
| 942 |
_2udc _cᲬᲘᲒᲜᲘ |
||